|
|
|
|
| LEADER |
01615nam a22004212aa4500 |
| 001 |
001294495 |
| 003 |
CZ BrMZK |
| 005 |
20130520105241.0 |
| 007 |
ta |
| 008 |
130520s1972 xr er|||||||||||cze d |
| 015 |
|
|
|a cnb001087803
|
| 035 |
|
|
|a (OCoLC)51188009
|
| 040 |
|
|
|a ABA001
|b cze
|d BOA001
|
| 041 |
0 |
|
|a cze
|a slo
|
| 072 |
|
7 |
|a 57
|x Obecná biologie
|2 Konspekt
|9 2
|
| 080 |
9 |
|
|a 57.08
|2 MRF
|
| 080 |
9 |
|
|a 57.086.13
|2 MRF
|
| 080 |
9 |
|
|a 57.086.83
|2 MRF
|
| 080 |
9 |
|
|a (062.534)
|2 MRF
|
| 245 |
0 |
0 |
|a První celostátní kryobiologická konference
|b sborník prací a diskusí : Hradec Králové, 14.-17. září 1970 /
|c pro tisk uspořádal František Böhm
|
| 260 |
|
|
|a Hradec Králové :
|b Československá biologická společnost při ČSAV,
|c 1972
|
| 300 |
|
|
|a 2 sv. ;
|c 20 cm
|
| 490 |
1 |
|
|a In vitro v ČSSR ;
|v roč. 1., sv, 2.
|
| 500 |
|
|
|a 200 výt.
|
| 502 |
|
|
|a A. 247, 3 s. -- B. S. 248-540, 3 s.
|
| 504 |
|
|
|a Obsahuje bibliografie
|
| 650 |
0 |
7 |
|a kryobiologie
|7 ph121973
|2 czenas
|
| 650 |
0 |
7 |
|a tkáňové kultury
|7 ph138850
|2 czenas
|
| 650 |
0 |
7 |
|a buněčné kultury
|7 ph138851
|2 czenas
|
| 650 |
0 |
7 |
|a biomedicínské metody
|7 ph138852
|2 czenas
|
| 655 |
|
7 |
|a sborníky konferencí
|7 fd133333
|2 czenas
|
| 700 |
1 |
|
|a Böhm, František
|7 mzk2010570743
|4 com
|
| 830 |
|
0 |
|a In vitro v ČSSR
|
| 910 |
|
|
|a BOA001
|b 2-0686.346
|s A-B
|
| 990 |
|
|
|a BK
|
| 991 |
|
|
|b 201305
|
| 996 |
7 |
|
|b 2619680908
|c 2-0686.346
|d B.
|v B
|l Sklad H1
|r Sklad / do 24 hodin
|n 0
|h HS212
|w 001328994
|u 000020
|a 1
|e BOA001
|j MZK50
|s A
|
| 996 |
7 |
|
|b 2619680909
|c 2-0686.346
|d A.
|v A
|l Sklad H1
|r Sklad / do 24 hodin
|n 0
|h HS212
|w 001328994
|u 000010
|a 1
|e BOA001
|j MZK50
|s A
|